Statistics for Character by TV and Movie Portrayer

Click here to take the quiz!

General Stats

  • This quiz has been taken 41 times
  • The average score is 10 of 16

Answer Stats

TVMovieCharacter% Correct
Adam WestChristian BaleBatman
100%
Leonard NimoyZachary QuintoSpock
92%
George ReevesChristopher ReeveSuperman
90%
Bill BixbyMark RuffaloDavid Bruce Banner
82%
Alan AldaDonald SutherlandHawkeye Pierce
69%
Freddie HighmoreAnthony PerkinsNorman Bates
69%
Catherine BachJessica SimpsonDaisy Duke
67%
Sarah Michelle GellarKristy SwansonBuffy
64%
Carolyn JonesAnjelica HustonMorticia Addams
56%
Paul Michael GlaserBen StillerDavid Starsky
49%
Don AdamsSteve CarellMaxwell Smart
49%
David JanssenHarrison FordRichard Kimble
44%
Linda LavinEllen BurstynAlice Hyatt
41%
Robert StackKevin CostnerElliott Ness
41%
Jack KlugmanWalter MatthauOscar Madison
41%
Sally FieldSandra DeeGidget
33%

Score Distribution

Percentile by Number Answered

Percent of People with Each Score

Your Score History

You have not taken this quiz